[Event "Championnat de France 2022"]
[Site "ALBI, France"]
[Date "2022.08.21"]
[Round "9.5"]
[White "Rocher, Olivier"]
[Black "Veron, Cyprien"]
[Result "1-0"]
[WhiteElo "1960"]
[BlackElo "1901"]
[PlyCount "87"]
[EventDate "2022.??.??"]

1. d4 {105} Nf6 {11} 2. c4 {12} g6 {5} 3. Nc3 {26} Bg7 {6} 4. e4 {7} d6 {6} 5.
f3 {163} O-O {42} 6. Be3 {15} e5 {91} 7. d5 {53} a5 {41} 8. Qd2 {13} Na6 {40}
9. O-O-O {107} Nd7 {146} 10. Kb1 {379} f5 {121} 11. Nge2 {311} Ndc5 {168} 12.
h3 {951} Bd7 {462} 13. Nc1 {256} fxe4 {726} 14. fxe4 {24} Qh4 {319} 15. Qe1 {35
} Qxe1 {55} 16. Rxe1 {8} Rf7 {331} 17. Be2 {175} Raf8 {43} 18. Rhf1 {27} h5 {
148} 19. Rxf7 {953} Rxf7 {6} 20. Rf1 {18} Rxf1 {10} 21. Bxf1 {2} Kh7 {19} 22.
Bg5 {383} Nxe4 {522} 23. Nxe4 {31} Bf5 {24} 24. Bd3 {37} Nb4 {12} 25. Nf2 {39}
Nxd3 {12} 26. Ncxd3 {221} e4 {14} 27. g4 {66} hxg4 {394} 28. hxg4 {30} Bd4 {118
} 29. gxf5 {198} gxf5 {52} 30. Nxe4 {80} fxe4 {6} 31. Nf4 {12} a4 {186} 32. Ne6
{352} Kg6 {133} 33. Bd8 {123} Be5 {155} 34. Bxc7 {179} e3 {47} 35. Kc2 {23} e2
{98} 36. Kd2 {72} Bxb2 {17} 37. Bxd6 {23} Kf5 {36} 38. Kxe2 {24} Ke4 {5} 39.
Nc5+ {722} Kd4 {141} 40. Nxa4 {109} Bc1 {53} 41. Nb6 {22} Bg5 {8} 42. Bc7 {110}
Kc5 {73} 43. Kd3 {59} Be7 {62} 44. a3 {14} 1-0